Acto solemne de la inauguración del curso de 1882 a 1883 y repartición de premios a las alumnas y alumnos de la Escuela de Artes y Oficios de Bilbao. (Record no. 182479)

MARC details
000 -LEADER
campo de control de longitud fija 00683nam a2200169 i 4500
001 - NÚMERO DE CONTROL
campo de control 182479
003 - IDENTIFICADOR DE NÚMERO DE CONTROL
campo de control ES-MaACL
005 - FECHA Y HORA DE LA ÚLTIMA TRANSACCIÓN
campo de control 20230906221624.0
008 - DATOS DE LONGITUD FIJA--INFORMACIÓN GENERAL
campo de control de longitud fija 130823s1883 sp |||| | spa d
110 2# - ENTRADA PRINCIPAL--NOMBRE DE ENTIDAD CORPORATIVA
Nombre de entidad corporativa o nombre de jurisdicción como elemento de entrada Escuela de Artes y Oficios (Bilbao)
9 (RLIN) 134362
245 10 - MENCIÓN DEL TÍTULO
Título Acto solemne de la inauguración del curso de 1882 a 1883 y repartición de premios a las alumnas y alumnos de la Escuela de Artes y Oficios de Bilbao.
260 ## - PUBLICACIÓN, DISTRIBUCIÓN, ETC.
Lugar de publicación, distribución, etc. Bilbao :
Nombre del editor, distribuidor, etc. [s.n.],
Fecha de publicación, distribución, etc. 1883 (
Fabricante Est. tip. de la Viuda de Delmas)
300 ## - DESCRIPCIÓN FÍSICA
Extensión 19 p. ;
Dimensiones 20 cm.
505 8# - NOTA DE CONTENIDO CON FORMATO
Nota de contenido con formato Contiene la memoria del curso 1881-1882
610 24 - PUNTO DE ACCESO ADICIONAL DE MATERIA--NOMBRE DE ENTIDAD CORPORATIVA
Nombre de entidad corporativa o nombre de jurisdicción como elemento de entrada Escuela de Artes y Oficios (Bilbao)-
Subdivisión de forma Memorias.
9 (RLIN) 153306
852 ## - LOCALIZACIÓN
Ubicación ES-MaACL
Número de control de estantería T-360-F-11
Holdings
Estatus retirado Estado de pérdida Estado de daño No para préstamo Colección Biblioteca de origen Biblioteca actual Ubicación en estantería Fecha de adquisición Fuente de adquisición Total de préstamos Signatura topográfica completa Código de barras Visto por última vez Precio de reemplazo Tipo de ítem Koha
        Colección de folletos Biblioteca del Ateneo de Madrid Biblioteca del Ateneo de Madrid Depósito folletos 23/08/2013     T-360-F-11 1191765 23/02/2023 23/02/2023 Folleto